000 00827nam a2200217Ia 4500
999 _c37866
_d37866
001 3844
003 GE_BSU
005 20190819164710.0
008 181216s1969||||ge |||||||||||||| ||geo||
040 _cGE_BSU
041 _ageo
080 _a14 თ–15
100 _aთავაძე, გ.
_93679
245 _aბერტრან რასელის ფილოსოფია :
_bახალი პერიოდი /
_cგურამ თავაძე; რედ. უ. ბახტაძე.
264 _aთბ. :
_bსაბჭ. საქართველო,
_c1969.
300 _a39 გვ.;
_b17 სმ.
653 _aრასელი ბერტრან
653 _aფილოსოფია
700 _aბახტაძე , უ.
_eრედაქტორი
_93680
942 _cBK
_2udc